000 00342nam a22001577a 4500
003 SGT
020 _a978-81473-221-4
082 _a611
_bC17S
100 _aSNELL, RICHARD S.
245 _aCLINICAL NEUROANATOMY
250 _a7TH
260 _aINDIA
_bWOLTERS KLUWER
_c2017
300 _a542
650 _aANATOMY
942 _2ddc
_cBK
_011
999 _c15564
_d15564